00405cam a22001097a 4500008004000000100002200040245006200062260006800124300001000192999001900202952007400221180718b1992 xxu||||| |||| 00| 0 eng d aSharma, Ramvilash aSwadhinta sangram badelte pariprekshyaicRamvilash Sharma aDelhi vishvvidhyalyabHindi Madhyam Karyanvay Nedeshalayac1992 a252p. c438926d438926 00104070aIIPAbIIPAd2010-04-20p79018r2018-07-21w2018-07-21yBK